Pénzügyi Termékek Értékesítése

Bibliográfiai részletek
Szerző: Tóth Róbert
További közreműködők: Kopcsay Dr. László
Dokumentumtípus: Diplomadolgozat
Kulcsszavak:Pénzügyi termékek
Tanácsadó
Biztosító
Értékesítés
Online Access:http://dolgozattar.uni-bge.hu/18806

MARC

LEADER 00000nta a2200000 i 4500
001 dolg18806
005 20200323114807.0
008 181203suuuu hu om 000 hun d
040 |a BGE Dolgozattár Repozitórium  |b hun 
041 |a hu 
100 1 |a Tóth Róbert 
245 1 0 |a Pénzügyi Termékek Értékesítése  |c Tóth Róbert  |h [elektronikus dokumentum] 
695 |a Pénzügyi termékek 
695 |a Tanácsadó 
695 |a Biztosító 
695 |a Értékesítés 
700 1 |a Kopcsay Dr. László  |e ths 
856 4 0 |u http://dolgozattar.uni-bge.hu/18806/1/T%C3%B3th%20R%C3%B3bert-szakdolgozat.pdf  |z Dokumentum-elérés